000
00214 a2200097 4500
001
42721
100
_a
245
_a
The Campaign in Burma
260
_a
London
_b
His Majesty's Stationary
_c
090
_c
26613
_d
26613
942
_a
NUST-CAE
_c
M
_c
18462
999
_c
277794
_d
277794